LEADER 01603nam a2200313 i 4500 001 000000143809 003 CaOOAMICUS 005 20220627161211.0 008 051012s1968 it u000 u ita u 013 $a119167 040 $aSeMil$bita 245 00$aMorirono per un'idea :$b[Gandhi, Hammarskjoeld, John Kennedy, Che Guevara, Camilo Torres, Luther King, Robert Kennedy]. 264 1$aTorino :$bSEI,$c1968. 300 $a159 p. ;$c19 cm. 490 1 $aI libri del colibrì 600 14$aKing, Martin Luther .$0(OLS)http://semarc/subject/22852 600 14$aTorres Restrepo, Camilo .$0(OLS)http://semarc/subject/16179 600 14$aGuevara, Ernesto .$0(OLS)http://semarc/subject/9961 600 14$aKennedy, Robert Francis <1925-1968>.$0(OLS)http://semarc/subject/33739 600 14$aKennedy, John Fitzgerald <1917-1963>.$0(OLS)http://semarc/subject/7118 600 14$aHammarskjöld, Dag <1905-1961>.$0(OLS)http://semarc/subject/52515 600 14$aGandhi, Moh?nd?s Karamchand <1869-1948>.$0(OLS)http://semarc/subject/52516 830 2$aI libri del colibrì.$0(OLS)http://semarc/title/8372 850 $aSeMil 852 $aSeMil$W1$xVenegono$y1$m54 46 5 *$j96851$B96851$CSeMilBibl$Z2$F104246 $81 961 $aRecupero: Biblioteca Seminario Saronno 996 $6245$aMorirono per un'idea :$b[Gandhi, Hammarskjoeld, John Kennedy, Che Guevara, Camilo Torres, Luther King, Robert Kennedy]$9(OLS)http://semarc/title/210435 996 $6264$aTorino :$bSEI$9(OLS)http://semarc/publisher/29848 LEADER 00997nam a2200217 i 4500 001 000000240866 003 CaOOAMICUS 005 20150414000000.0 008 150414s1731 it u000 u fre u 013 $a219771 026 $a54i- e.ar s,ut qule (3) 1731 (R) 040 $aSeMil$bita 245 10$aTome 2. 250 $aTroisième édition. Revuë, corrigée, & augmentée par l'auteur. 300 $a[4], 736, [24] p. 773 0 $aHoudry, Vincent $tBibliotheque des predicateurs, qui contient les principaux sujets de la morale chrétienne. Mis par ordre alphabétique. Par le R. Pere Vincent Houdry, de la Compagnie de Jesus. Tome 1. [-8.].$dA Lyon : Chez Bruyset frères : Chez la Veuve d'Antoine Boudet, ruë Merciere, à la Croix d'Or, 1715.$g[1$w()31759 850 $aSeMil 852 $aSeMil$W1$xVenegono$y1$m3D IV 168 FA$j191212$B191212$CSeMilBibl$Z2$F202042 $8I 941 1 $a10 961 $aRecupero: Mantegazza 996 $6245$aTome 2$9(OLS)http://semarc/title/1533